| 000 | 00747nam a2200169 a 4500 | ||
|---|---|---|---|
| 008 | 090930s2001 ||||||||||||||||| || u | ||
| 050 | _aUN-ECA(02) | ||
| 110 | _aUnited Nations Economic Commission For Africa(UNECA) | ||
| 245 | 1 | 0 |
_aTransforming Africa's economies overview _cby United Nations Economic Commission for Africa (UNECA) |
| 260 |
_aAddis Ababa : _bUNITED NATIONS ECONOMIC COMMISSION FOR AFRICA(UNECA) _c2001 |
||
| 300 | _aiv, 58p. : ill | ||
| 350 | _a0.00 | ||
| 650 | _aECONOMIES, AFRICAN ECONOMIES | ||
| 650 | _aREFORMING ECONOMIES | ||
| 650 | _aAFRICAN ECONOMIES | ||
| 995 |
_D0.00 _FCBU-MAIN LIBRARY (Kitwe) _H1 _I0.00 _M1 _UAVAILABLE _WOct 5, 2009 _ZInternational Publications |
||
| 999 |
_c60298 _d60298 |
||